000 00540nab a2200157 4500
003 ES-SlBCS
005 20220602105810.0
008 141118s2014 sp ||||| |||| 00| 0 spa d
040 _aES-SlBCS
_bspa
100 1 _aArrimadas Gómez, Irene
_9255152
245 1 1 _a"Profesores en acción"
_b: Entre todos construimos el camino
_cIrene Arrimadas Gómez ; Loli García García
650 0 4 _aEducación
_986687
700 1 _aGarcía García, Loli
_9407092
773 0 _gNº 251, 2014, págs. 8-20
_tEducadores
_wRev370
_x0013-1113
942 _2lcc
_cAR
999 _c849690
_d849690